000 00513nam a2200181Ia 4500
005 20250326124453.0
008 250326s9999 xx 000 0 und d
037 _aTextbook
040 _aFMSL
_beng
_cFMSL
041 _aeng
_2eng
084 _aX:79164 K7
_qFMSL
100 _aVanek J
_9737461
245 0 _aEstimating foreign resource needs for economic development
_cVanek J
260 _aNY
_bNY, McGraw-Hill
_c1967
300 _a180p
942 _cTB
_hX:79164 K7
999 _c1273843
_d1273843